00961nam a2200241Ia 4500001000600000003000900006008004100015040001300056040001300069041001300082100001700095100002900112245001300141245006000154250001100214260001100225260001200236260004900248300005900297500029600356650003600652650003100688E0166IT-RoPAU130308s9999 xx 000 0 und d aIT-RoPAU cIT-RoPAU aITALIANO aBetti Renato gCodice Aut. SPICS: 26251 aMacchina bEnciclopedia Einaudi (Volume Ottavo: Labirinto-Memoria) a1a ed. aTORINO bEinaudi c1993 [1° Ed.:1993 - Ed.Ling.Originale:1993] a"32 p. (prefazione: no ; testo: 32 [pagine: 605-636])" aAspetti del Macchinismo. Autorità e Magia. Significato Originario. prime Definizioni. Macchine Utensili. geometria delle Macchine. Macchine Moderne.Forza e Informazione. Universalità delle Macchine. Hardware e Software. Memoria di Lavoro. Linguaggi di Programmazione. Lavoro Informatico. aOPERE varie DI CULTURA GENERALE eCodice materia Spics: 1002